The new corporate finance : (Record no. 588)

MARC details
000 -LEADER
fixed length control field 00820nam a2200241 a 4500
001 - CONTROL NUMBER
control field 588
005 - DATE AND TIME OF LATEST TRANSACTION
control field 20221127085958.0
008 - FIXED-LENGTH DATA ELEMENTS--GENERAL INFORMATION
fixed length control field 050920s lxxua | 00100|eng d
020 ## - INTERNATIONAL STANDARD BOOK NUMBER
International Standard Book Number 007233973X(acid paper) :
Terms of availability SR132.00
020 ## - INTERNATIONAL STANDARD BOOK NUMBER
International Standard Book Number 0071188533(intern. ed.).
035 ## - SYSTEM CONTROL NUMBER
System control number 601
082 04 - DEWEY DECIMAL CLASSIFICATION NUMBER
Classification number 658.15
Item number N42 2001
245 04 - TITLE STATEMENT
Title The new corporate finance :
Remainder of title where theory meets practice /
Statement of responsibility, etc. edited by Donald H. Chew.
250 ## - EDITION STATEMENT
Edition statement 3rd ed.
260 ## - PUBLICATION, DISTRIBUTION, ETC.
Place of publication, distribution, etc. Boston, Mass. :
Name of publisher, distributor, etc. McGraw-Hill,
Date of publication, distribution, etc. 2001.
300 ## - PHYSICAL DESCRIPTION
Extent xxii, 648 p. :
Other physical details ill. ;
Dimensions 23 cm.
440 #0 - SERIES STATEMENT/ADDED ENTRY--TITLE
Title McGraw-Hill/Irwin series in finance, insurance, and real estate.
504 ## - BIBLIOGRAPHY, ETC. NOTE
Bibliography, etc. note Includes bibl. references and index.
650 #4 - SUBJECT ADDED ENTRY--TOPICAL TERM
Topical term or geographic name entry element Managerial economics.
650 #4 - SUBJECT ADDED ENTRY--TOPICAL TERM
Topical term or geographic name entry element Corporations
General subdivision Finance.
650 #4 - SUBJECT ADDED ENTRY--TOPICAL TERM
Topical term or geographic name entry element Business enterprises
General subdivision Finance.
700 0# - ADDED ENTRY--PERSONAL NAME
Personal name Chew, Donald H.,
Relator term editor.
Holdings
Withdrawn status Lost status Source of classification or shelving scheme Damaged status Not for loan Home library Current library Date acquired Total Checkouts Full call number Barcode Date last seen Copy number Price effective from Koha item type
              11/27/2022   658.15 N42 2001 1000000009884 11/27/2022 C4 11/27/2022 Book
          CENTRAL CENTRAL 11/27/2022   658.15 N42 2001 1000000000122 11/27/2022 C1 11/27/2022 Book
          KHOBAR KHOBAR 11/27/2022   658.15 N42 2001 1000000003656 11/27/2022 C3 11/27/2022 Book